000 00979nam a2200229 a 4500
001 BRCA_1203
005 20190320203327.0
008 910813s1990 mx-a---##b---#000-0#spa-#
040 _aDLC
_cDLC
050 4 _aNA75.M4
_b.P35 1990
245 1 0 _aLos palacios de la Nueva España
_bsus tesoros interiores.
260 _aMéxico
_bMuseo de Monterrey : Museo Franz Mayer
_c1990
300 _a129 p.
_bil. a color
_c32 cm.
500 _aCatálogo de la exposición realizada en el Museo de Monterrey (Nuevo León), noviembre 1990 - marzo 1991 y en el Museo Franz Mayer (Ciudad de México), abril 1991 - junio 1991
500 _aIncluye información sobre piezas de la colección Franz Mayer
650 1 4 _aMuebles
_ySiglo XVIII
_zNueva España
_93952
650 1 4 _aDecoración interior
_ySiglo XVIII
_zNueva España
_93953
650 1 4 _aArquitectura barroca
_zMéxico
_923
651 4 _aMéxico
_xVida social y costumbres
_ySiglo XVIII
_93954
653 0 _aVida cotidiana
942 _2lcc
_cB
999 _c1076
_d1076